书目信息 |
| 题名: |
极简笔记术
|
|
| 作者: | ;许诗雨 译 ;国誉株式会社 著 | |
| 分册: | ||
| 出版信息: | 北京 中信出版集团股份 2019 |
|
| 页数: | 15,205页 | |
| 开本: | 19cm | |
| 丛书名: | ||
| 单 册: | ||
| 中图分类: | B026-49 , B026 | |
| 科图分类: | ||
| 主题词: | 工作方法--通俗读物 | |
| 电子资源: | ||
| ISBN: | 978-7-5217-0019-0 | |
| 000 | 00719cam0 2200241 450 | |
| 001 | 2064826042 | |
| 005 | 20201127180043.51 | |
| 010 | @a978-7-5217-0019-0@b精装@dCNY49.00 | |
| 100 | @a20190726d2019 em y0chiy50 ea | |
| 101 | 1 | @achi@cjpn |
| 102 | @aCN@b110000 | |
| 105 | @aa z 000yy | |
| 200 | 1 | @a极简笔记术@9ji jian bi ji shu@b专著@f(日)国誉株式会社著@g许诗雨译 |
| 210 | @a北京@c中信出版集团股份@d2019 | |
| 215 | @a15,205页@c图@d19cm | |
| 306 | @a本书限中国大陆发行 | |
| 606 | 0 | @a工作方法@j通俗读物 |
| 690 | @aB026-49@v5 | |
| 690 | @aB026@v4 | |
| 702 | 0 | @a许诗雨@9xu shi yu@4译 |
| 711 | 02 | @c(日)@a国誉株式会社@9guo yu zhu shi hui she@4著 |
| 801 | 2 | @aCN@b58marc.cn@c20200215 |
| 905 | @aZUCC@dB026@e19 | |
| 极简笔记术/(日)国誉株式会社著/许诗雨译.-北京:中信出版集团股份,2019 |
| 15,205页:图;19cm |
| ISBN 978-7-5217-0019-0(精装):CNY49.00 |
| ● |
| 相关链接 |
|
|
|
正题名:极简笔记术
索取号:B026/19
 
预约/预借
| 序号 | 登录号 | 条形码 | 馆藏地/架位号 | 状态 | 备注 |
| 1 | 870969 | 2000870969 | 第二书库/ [索取号:B026/19] | 在馆 | |
| 2 | 870970 | 2000870970 | 第二书库/ [索取号:B026/19] | 在馆 | |
| 3 | 870971 | 2000870971 | 第二书库/ [索取号:B026/19] | 在馆 |